[Event "Challenge"]
[Site "http://www.queenalice.com/game.php?id=256815"]
[Date "2007.8.17"]
[Round "-"]
[White "MasterCaster"]
[Black "Meckerkopp"]
[Result "0-1"]
[WhiteElo "1666"]
[BlackElo "1900"]

1. e4 c5 2. Qf3 Nc6 3. Bc4 e6 4. Qh5 g6 5. Qe2 Nf6 6. f4 Nd4 7. Qd3 d5 8. Bb5+
Bd7 9. Bxd7+ Qxd7 10. exd5 Qxd5 11. Nf3 Nxf3+ 12. Qxf3 Qxf3 13. gxf3 Bh6 14. d3
Nd5 15. O-O Bxf4 16. Bxf4 Nxf4 17. Re1 O-O 18. Re5 Rac8 19. Re4 Nh5 20. Nc3 a6
21. Na4 Rc6 22. Rc4 Rfc8 23. Nc3 f5 24. Re1 g5 25. Re5 b5 26. Nxb5 axb5 27. Rc3
Nf4 28. d4 cxd4 29. Rxc6 Rxc6 30. Rxb5 Rxc2 31. Rb8+ Kg7 32. a4 Nh3+ 33. Kh1 d3
34. a5 d2 35. Rd8 d1=Q+ 36. Rxd1 Nf2+ 37. Kg2 Nxd1+ 38. Kf1 Nxb2 39. a6 Rc7 40.
Ke2 Ra7 41. Ke3 Rxa6 42. f4 Ra3+ 43. Kd2 gxf4 44. Kc2 Nc4 45. Kd1 Ra2 46. h4 f3
47. Ke1 f2+ 48. Kf1 Ne3# 0-1

[Event "Challenge"]
[Site "http://www.queenalice.com/game.php?id=258010"]
[Date "2007.8.19"]
[Round "-"]
[White "maxpeigne"]
[Black "MasterCaster"]
[Result "1-0"]
[WhiteElo "1696"]
[BlackElo "1673"]

1. e4 e5 2. Nf3 Qf6 3. Nc3 g5 4. Nd5 Qd6 5. Nxg5 Nh6 6. Bc4 Qc6 7. d3 b5 8. Nb4
Bxb4+ 9. c3 Be7 10. Bxf7+ Nxf7 11. Nxf7 Kxf7 12. Qh5+ Ke6 13. O-O Bf6 14. Qf5+
Ke7 15. Bg5 Bxg5 16. Qxe5+ Qe6 17. Qxh8 Nc6 18. Qg7+ Qf7 19. Qxg5+ Qf6 20. Qxf6+
Kxf6 21. f4 Ba6 22. Rae1 b4 23. Rf3 bxc3 24. bxc3 Rb8 25. Rh3 d6 26. d4 Rb2 27.
Rxh7 Ne7 28. e5+ dxe5 29. fxe5+ Ke6 30. Rh6+ Kd5 31. Rh7 Nf5 32. e6 Ne3 33. Rxe3
Rb1+ 34. Kf2 Rb2+ 35. Kg3 Bf1 36. e7 Rxg2+ 37. Kf4 Be2 38. e8=Q Rg4+ 39. Kf5 Rg2
40. Rxe2 Rxe2 41. Qxe2 Kc6 42. Qe4+ Kb6 43. Rh6+ Ka5 44. Qd5+ Ka4 45. Ra6# 1-0

[Event "Challenge"]
[Site "http://www.queenalice.com/game.php?id=258477"]
[Date "2007.8.20"]
[Round "-"]
[White "doran"]
[Black "MasterCaster"]
[Result "1-0"]
[WhiteElo "1785"]
[BlackElo "1693"]

1. Nf3 c5 2. g3 e6 3. Bg2 d5 4. d3 f6 5. Nbd2 g5 6. O-O e5 7. e4 dxe4 8. dxe4
Bg4 9. Nc4 Qc7 10. c3 b5 11. Ne3 Bxf3 12. Qxf3 Qc6 13. Qh5+ Kd8 14. Rd1+ Nd7 15.
Qf7 Nh6 16. Qb3 c4 17. Qc2 Bc5 18. Bh3 Bd6 19. Nd5 g4 20. Bg2 Nf7 21. f4 gxf3
22. Bxf3 Ng5 23. Bg4 Nc5 24. Nxf6 Ngxe4 25. Bf3 Rf8 26. Bxe4 Nxe4 27. Nxe4 Qb6+
28. Kh1 Kc7 29. Bh6 Rf3 30. Rxd6 Qb8 31. Rad1 Rf7 32. Nc5 Rf1+ 33. Rxf1 Kxd6 34.
Bf8+ Kd5 35. Qe4# 1-0

[Event "Challenge"]
[Site "http://www.queenalice.com/game.php?id=268554"]
[Date "2007.9.8"]
[Round "-"]
[White "MasterCaster"]
[Black "lesangesleader"]
[Result "1-0"]
[WhiteElo "1659"]
[BlackElo "1604"]

1. e4 e6 2. d4 d5 3. exd5 exd5 4. c4 Nf6 5. cxd5 Nxd5 6. Bc4 Nf6 7. Bg5 Be7 8.
Bxf6 Bxf6 9. Qf3 O-O 10. Ne2 Re8 11. Qh5 g6 12. Qf3 Kg7 13. O-O c6 14. Re1 b5
15. Bd3 Bxd4 16. Nbc3 Bxc3 17. bxc3 Bb7 18. Qg3 a6 19. Nf4 Rxe1+ 20. Rxe1 c5 21.
Nh5+ Kh8 22. Qe5+ 1-0

[Event "GER"]
[Site "http://www.queenalice.com/game.php?id=276505"]
[Date "2007.9.24"]
[Round "-"]
[White "MasterCaster"]
[Black "chapichapo"]
[Result "0-1"]
[WhiteElo "1646"]
[BlackElo "1753"]

1. e4 e5 2. Qf3 Bc5 3. Bc4 Nf6 4. d3 O-O 5. Qg3 Nh5 6. Qg4 Nf6 7. Qg3 d6 8. Bd5
Ng4 9. Nh3 h6 10. f3 Ne3 11. Bb3 a5 12. a4 Nc6 13. Ke2 Nd4+ 14. Kf2 Ng4+ 15. Ke1
Nxb3 16. cxb3 Be3 17. Bxe3 Nxe3 18. Kd2 Bxh3 19. Qxh3 Qg5 20. Rg1 Ng4+ 21. Kc3
Nf6 22. g4 Qe3 23. Qf1 Ra6 24. Kc2 Rc6+ 25. Nc3 d5 26. Re1 Qb6 27. exd5 Nxd5 28.
Rxe5 Ne3+ 29. Rxe3 Qxe3 30. Rg2 Re8 31. Kd1 Rd8 32. Re2 Rxd3+ 33. Kc2 Rdxc3+ 34.
bxc3 Qxc3+ 35. Kb1 Qxb3+ 36. Rb2 Qxa4 37. Qe2 Re6 38. Qd2 Rd6 39. Qc1 Rd1 40.
Qxd1 Qxd1+ 41. Ka2 Qxf3 42. Rb3 Qxg4 43. Rxb7 Qg2+ 44. Rb2 Qxb2+ 45. Kxb2 g5 46.
Kb3 Kg7 47. Ka4 f5 48. Kxa5 f4 49. Kb5 f3 50. Kc6 f2 51. Kxc7 f1=Q 52. Kd6 Qf5
53. Kc6 Qe5 54. h3 Kf7 55. Kd7 Qe6+ 56. Kc7 Ke7 57. h4 Qd6+ 58. Kb7 Kd7 59. hxg5
Qc6+ 60. Ka7 Kc7 61. gxh6 Qb7# 0-1

[Event "Let's Play Chess!"]
[Site "http://www.queenalice.com/game.php?id=291112"]
[Date "2007.10.22"]
[Round "-"]
[White "CampbellMarcel"]
[Black "MasterCaster"]
[Result "1-0"]
[WhiteElo "1768"]
[BlackElo "1658"]

1. e4 e5 2. Nf3 d5 3. exd5 Qxd5 4. c4 Qe4+ 5. Be2 Qg6 6. O-O Bh3 7. Nh4 Qg5 8.
g3 Bxf1 9. Bxf1 Bc5 10. d4 Qe7 11. dxc5 Qxc5 12. b4 Qxb4 13. Ba3 Qb6 14. Nc3 c6
15. Qd6 Nd7 16. Nf5 Qd8 17. Nxg7# 1-0

[Event "Let's Play Chess!"]
[Site "http://www.queenalice.com/game.php?id=295366"]
[Date "2007.10.30"]
[Round "-"]
[White "MasterCaster"]
[Black "trallala"]
[Result "1-0"]
[WhiteElo "1627"]
[BlackElo "1657"]

1. e4 Na6 2. Qf3 c6 3. Bc4 e6 4. e5 f6 5. exf6 Nxf6 6. Nc3 d5 7. Bxa6 bxa6 8. d4
Bd6 9. Bg5 O-O 10. Qd3 e5 11. dxe5 Bxe5 12. Nf3 Bxc3+ 13. bxc3 Re8+ 14. Kf1 Qd6
15. h3 Ne4 16. g3 Bf5 17. Qxa6 Nxg3+ 18. fxg3 Qxg3 19. Nd4 Bxh3+ 20. Rxh3 Rf8+
21. Ke2 Qxh3 22. Be3 Rae8 23. Qd3 Qg2+ 24. Kd1 Rf1+ 25. Qxf1 Qxf1+ 26. Kd2 Qxa1
27. Nxc6 Rxe3 28. Kxe3 Qxc3+ 29. Kf4 Qxc6 30. Ke5 Kf7 31. a3 Qc4 32. Kd6 Kf6 33.
a4 a5 34. c3 h5 35. Kd7 Qc5 36. c4 1-0

[Event "Let's Play Chess!"]
[Site "http://www.queenalice.com/game.php?id=298971"]
[Date "2007.11.5"]
[Round "-"]
[White "ciccioscacchi"]
[Black "MasterCaster"]
[Result "1-0"]
[WhiteElo "1870"]
[BlackElo "1634"]

1. e4 e6 2. d4 Nc6 3. Nf3 d5 4. Nbd2 Nf6 5. e5 Ne4 6. c3 g5 7. Nxe4 g4 8. Nf6+
Ke7 9. Bg5 gxf3 10. Qxf3 h6 11. Nxd5+ Kd7 12. Bxd8 Kxd8 13. Qf6+ Ke8 14. Nxc7+
Kd7 15. Qxh8 Kxc7 16. Qxf8 Nd8 17. Qd6# 1-0

[Event "Chamem a Cavalaria"]
[Site "http://www.queenalice.com/game.php?id=303289"]
[Date "2007.11.13"]
[Round "-"]
[White "Rapha66"]
[Black "MasterCaster"]
[Result "1-0"]
[WhiteElo "1578"]
[BlackElo "1646"]

1. d4 c6 2. c4 c5 3. dxc5 Qa5+ 4. Nc3 Qxc5 5. Qd5 e6 6. Qxc5 Bxc5 7. Nb5 Na6 8.
a3 d5 9. b4 Be7 10. c5 Bd7 11. Nc3 b6 12. e3 bxc5 13. Bxa6 cxb4 14. Nb5 Kd8 15.
axb4 Bxb4+ 16. Bd2 Bxd2+ 17. Kxd2 Rb8 18. Nd6 Rb2+ 19. Ke1 Nh6 20. Nf3 f6 21. g4
Rf8 22. Bd3 Rb6 23. Rxa7 Rxd6 24. Bxh7 Nxg4 25. h3 Nh6 26. Bd3 Rb6 27. Nh4 e5
28. Ra8+ Bc8 29. Nf5 Nxf5 30. Bxf5 Ke7 31. Rg1 Bxf5 32. Rxg7+ Rf7 33. Ra7+ Bd7
34. Rxf7+ Kxf7 35. Rxd7+ Ke6 36. Ra7 Kf5 37. Rg7 Rb1+ 38. Ke2 Rh1 39. Rh7 Kg6
40. Rh8 Kg7 41. Rh4 Rh2 42. Kf3 Kg6 43. Kg3 Rh1 44. Kg2 Re1 45. Rh8 Rd1 46. Rd8
d4 47. exd4 exd4 48. Kg3 Kh5 49. f3 Rd3 50. Kf4 Kg6 51. Ke4 1-0

[Event "Challenge"]
[Site "http://www.queenalice.com/game.php?id=303295"]
[Date "2007.11.13"]
[Round "-"]
[White "juim"]
[Black "MasterCaster"]
[Result "1-0"]
[WhiteElo "1754"]
[BlackElo "1658"]

1. e4 Nc6 2. d4 e5 3. d5 Nd4 4. c3 Nb5 5. Bxb5 c6 6. dxc6 bxc6 7. Bc4 Qh4 8. Qf3
d5 9. exd5 Qxc4 10. dxc6 Rb8 11. Nd2 Qe6 12. c7 Rb7 13. Ne2 Rxc7 14. O-O Qg6 15.
Ng3 Bb7 16. Qe3 Ba6 17. Qxe5+ Re7 18. Qb8+ Kd7 19. Qxa7+ Kd8 20. Qa8+ Bc8 21.
Rd1 Re6 22. Nde4+ Bd6 23. Bf4 Kc7 24. Bxd6+ Kd8 25. Bb4+ Kc7 26. Ba5+ Rb6 27.
Qa7+ Bb7 28. Bxb6+ Qxb6 29. Qxb6+ Kxb6 30. Nd6 Ba6 31. Nxf7 Bc8 32. Nxh8 Bg4 33.
f3 Be6 34. Rd6+ Kc5 35. Rxe6 Kd5 36. Rae1 Nh6 37. R1e5+ Kc4 38. Rd6 g6 39. a4
Nf5 40. Nxf5 gxf5 41. Rd4+ Kb3 42. Rb5+ Kc2 43. b4 Kxc3 44. Rh4 Kb3 45. Rxf5
Kxa4 46. Rxh7 Kxb4 47. Rh4+ Kc3 48. Rd5 Kc2 49. Rc4+ Kb3 50. Rc8 Kb4 51. Rd7 Kb5
52. Rb7+ Ka6 53. Rcb8 Ka5 54. Ra8# 1-0

[Event "Challenge"]
[Site "http://www.queenalice.com/game.php?id=303296"]
[Date "2007.11.13"]
[Round "-"]
[White "MasterCaster"]
[Black "juim"]
[Result "1-0"]
[WhiteElo "1620"]
[BlackElo "1618"]

1. e4 e5 2. Qf3 Qf6 3. g4 Qc6 4. Nc3 Bb4 5. Bb5 Qb6 6. Bc4 Qf6 7. Nd5 Qxf3 8.
Nxf3 Ba5 9. b4 Bb6 10. Nxe5 Bd4 11. Nxc7+ Ke7 12. Nxf7 Bxa1 13. Nxh8 g6 14. Nf7
Nf6 15. b5 Nxe4 16. f3 Nd6 17. Ba3 Kf6 18. Bxd6 b6 19. Ne8# 1-0

[Event "Play Chess With A Girly?"]
[Site "http://www.queenalice.com/game.php?id=305859"]
[Date "2007.11.18"]
[Round "-"]
[White "MasterCaster"]
[Black "InsaneCannibalElf"]
[Result "0-1"]
[WhiteElo "1636"]
[BlackElo "1817"]

1. e4 e5 2. Qf3 Nf6 3. d3 h6 4. g4 d6 5. Bh3 g5 6. Nc3 Be6 7. Nb5 Nc6 8. Nxc7+
Qxc7 9. Qxf6 Rg8 10. Bd2 Nd4 11. Rc1 Bg7 12. Qxe6+ fxe6 13. c3 Nc6 14. b4 O-O-O
15. b5 Ne7 16. c4 Kb8 17. a4 d5 18. exd5 exd5 19. cxd5 Qd6 20. Bg2 Nxd5 21. Ne2
Nf4 22. Nxf4 exf4 23. O-O Qxd3 24. Rcd1 Ka8 25. Rfe1 f3 26. Bf1 Qd4 27. Re4 Qxe4
0-1

[Event "Let's Play Chess!"]
[Site "http://www.queenalice.com/game.php?id=382117"]
[Date "2008.4.4"]
[Round "-"]
[White "dida"]
[Black "MasterCaster"]
[Result "0-1"]
[WhiteElo "1256"]
[BlackElo "1573"]

1. e4 e5 2. a3 Nf6 3. Nc3 Bc5 4. h3 h5 5. Nf3 d6 6. Qe2 a6 7. d3 b5 8. b4 Bb6 9.
Bg5 c6 10. Nh4 a5 11. bxa5 Bxa5 12. Bd2 Bxc3 13. Bxc3 g5 14. Nf5 Bxf5 15. exf5
d5 16. Qxe5+ Kd7 17. Bd4 Re8 18. Qxe8+ Qxe8+ 19. Be2 Nh7 20. c4 Ra4 21. cxd5
Rxd4 22. O-O Qxe2 23. dxc6+ Nxc6 24. Rad1 Rf4 0-1

[Event "Let's Play Chess!"]
[Site "http://www.queenalice.com/game.php?id=384736"]
[Date "2008.4.9"]
[Round "-"]
[White "MasterCaster"]
[Black "CampbellMarcel"]
[Result "0-1"]
[WhiteElo "1582"]
[BlackElo "1764"]

1. e4 c5 2. Qf3 Nc6 3. Qh5 d6 4. Bb5 Nf6 5. Bxc6+ bxc6 6. Qe2 e5 7. Nc3 a5 8. d3
Be7 9. Nf3 O-O 10. Ng5 h6 11. Nh3 Bg4 12. f3 Bxh3 13. gxh3 d5 14. Qg2 Kh8 15.
Rg1 Rg8 0-1

[Event "Let's Play Chess!"]
[Site "http://www.queenalice.com/game.php?id=393995"]
[Date "2008.4.27"]
[Round "-"]
[White "BobySponja"]
[Black "MasterCaster"]
[Result "1-0"]
[WhiteElo "1743"]
[BlackElo "1574"]

1. e4 Nf6 2. Nf3 Nxe4 3. Nc3 f5 4. d4 e5 5. Nxe5 Bb4 6. Qh5+ g6 7. Nxg6 Nf6 8.
Qh6 Bf8 9. Qe3+ Be7 10. Nxh8 Ng4 11. Qf4 d6 12. Nd5 Bg5 13. Qxg5 Qxg5 14. Bxg5
Nd7 15. Bc4 Rb8 16. Nxc7+ Kf8 17. Nf7 b5 18. Nxb5 Ba6 19. Nfxd6 h6 20. Bf4 Nb6
21. b3 Nxc4 22. bxc4 Bxb5 23. Nxb5 Re8+ 24. Kf1 Rd8 25. d5 Rc8 26. Nxa7 Rxc4 27.
Bg3 Rxc2 28. a4 Rd2 29. d6 f4 30. Bh4 Rxd6 31. h3 Ne5 32. Nb5 Rd2 33. a5 Nd3 34.
a6 Rb2 35. a7 1-0

[Event "Let's Play Chess!"]
[Site "http://www.queenalice.com/game.php?id=427101"]
[Date "2008.7.4"]
[Round "-"]
[White "MasterCaster"]
[Black "CampbellMarcel"]
[Result "0-1"]
[WhiteElo "1565"]
[BlackElo "1766"]

1. e4 e5 2. Nf3 d6 3. Bc4 Nh6 4. Ng5 Qxg5 5. g3 Bh3 6. d3 Qg4 7. Qd2 f6 8. Qa5
b6 9. Qd5 c6 10. Qe6+ Qxe6 11. Bxe6 Bxe6 12. h3 Be7 13. g4 Nxg4 14. hxg4 g5 0-1